| 000 | 00346nam a22001457a 4500 | ||
|---|---|---|---|
| 008 | 221222b ||||| |||| 00| 0 eng d | ||
| 020 | _a9780803625006 | ||
| 041 | _aeng | ||
| 080 |
_2fifth edition _a61 |
||
| 082 | _a61AND | ||
| 100 | _a4 | ||
| 101 | _aMjeksi | ||
| 245 |
_aCaring for older adults holistically _canderson a m |
||
| 942 |
_2udc _cBK |
||
| 999 |
_c59223 _d59223 |
||